02422nam a2200409 4500001000700000003000900007005001700016008001400033040004400047041000800091082002000099245009600119260006400215300003500279505080000314650005201114650002901166650003701195651004901232653002201281653002301303700007701326700005001403700003201453700004501485700003801530700003501568700003601603700004501639700004901684700004601733700003701779700004401816942001201860999001901872952012101891113901DR-UNIBE20260423111343.09789945451054 aBIBLIOTECA UNIBEcBIBLIOTECA UNIBEerda aspa aRD 972.93 C667i00aAportes de los cocolos a la identidad nacional dominicana /cFrank Moya Pons [y otros once] aSanto Domingo :bMinisterio de Relaciones Exteriores,c2024 a304 páginas :bilustraciones a1. Los cocolos ¿cuántos fueron? | 2. Macorís, la provincia Cocola | 3. Los cocolos en Santo Domingo | 4. Migraciones caribeñas de las colonias inglesas hacia República Dominicana: procesos raciales y el impacto de las ideas de Garvey (1872-1950) | 5. Aproximación historiográfica a los cocolos | 6. En torno a la recepción de los cocolos en la República Dominicana | 7. La palabra “cocolo”: una africanía encubierta | 8. Garveyismo y racismo en el Caribe: El caso de la población cocola en la República Dominicana | 9. El aporte de los cocolos a la cultura de San Pedro de Macorís | 10. Momise, Guloyas e indios en el accionar conducente de Teophilus Chiverton (Primo) | 11. Los guloyas, un aporte de los cocolos a la identidad cultural dominicana |  72lembaMigración de puebloszEl Caribe9204315 72lembaIdentidad cultural 72lembaCulturazEl Caribe9204316 72lembaRepública DominicanaxHistoria91416 0aHistoriografía  0aAportes culturales aMoya Pons, Frank, q(Moya Pons, Rafael Francisco),d1944-eautor9199245 aCastillo Pichardo, José del eautor9197519 aInoa, Orlando933141eautor aRosario Fernández, Reina987474eautor aJarvis Luis, Rafael931516eautor a Bryan, Patrickeautor9197520 aGuerrero, José9124519eautor aGarcía Muñiz, Humberto984878eautor a Giovannetti-Torres, Jorge L.eautor9197521 aMota Acosta, Julio César9155920eautor aCabrera, Enrique eautor9197522 aStanley, Avelino, d1959-931876eautor 2ddccBK c113901d113901 00102ddc708GEN-RDaPrincipald2025-07-22l0oRD 972.93 C667i p250812r2025-07-22 10:53:59tEj. 1w2025-07-22yBK